00704nam a22002057a 450000500170000001000150001702000260003203500140005803700090007208200150008110000320009624500610012825000060018926000250019527000470022030000270026794200310029499900190032595201540034420250616121629.0 aENG-145378 a9789380660752c295.00 aEN-128910 bDBAD14a301.15321 aChatterjee, Nandalal982036 aBirth of India's National Struggle/cNandalal Chatterjee a1 aKolkatabParulc2011 bKolkataa8/3, Chinatamani Das Lanee700009 axviii, 166p.c24cm(hb) adplcEN2ddch301.153mCHA c211811d211811 001040708NFICaMbMd2025-06-16eDelivery of Books Act Divisiong295.00l0o301.153 CHApEN-128910r2025-06-16 00:00:00t1v295.00w2025-06-16yEN